| 000 | 02003cam a2200385 i 4500 | ||
|---|---|---|---|
| 003 | SA-RiAUC | ||
| 005 | 20250628054659.0 | ||
| 008 | 250627s2010 su o g b f001r0 ara c | ||
| 020 | _a9786039017400 | ||
| 040 |
_aSA-JuJU _bara _cSA-RiAUC _erda |
||
| 041 | 1 |
_aara _heng |
|
| 043 |
_aa-su--- _aa-ii--- |
||
| 082 | 0 | 4 |
_a915.31204 _qSA-RiAUC |
| 090 |
_a915.31204 _bب ي ر |
||
| 100 | 1 |
_aبيرسون، مايكل ن. _q(مايكل نايلور)، _d1941- _eمؤلف. |
|
| 240 | 1 | 4 |
_aThe Indian experience, 1500-1800 : pilgrimage to Mecca. _lArabic |
| 245 | 1 | 2 |
_aالحج إلى مكة المكرمة من شبه القارة الهندية 1500-1800 م. / _cتأليف مايكل ن. بيرسون ؛ نقله إلى العربية معراج نواب مرزا، بدر الدين يوسف محمد أحمد ؛ مراجعة وتعليق معراج نواب مرزا. |
| 250 | _aالطبعة الأولى. | ||
| 264 | 1 |
_aمكة المكرمة ؛ _aالرياض : _bمركز تاريخ مكة المكرمة والمدينة المنورة، _c2010 |
|
| 300 |
_a351 صفحة : _bإيضاحيات ؛ _c24 سم. |
||
| 336 |
_aنص _btxt _2rdacontent _3كتاب |
||
| 337 |
_aبدون وسيط _bn _2rdamedia |
||
| 338 |
_aمجلد _bnc _2rdacarrier |
||
| 490 | 0 | _aإصدارات مركز تاريخ مكة المكرمة والمدينة المنورة | |
| 500 | _aكشاف : صفحة 340-351. | ||
| 504 | _aببليوجرافية : صفحة 311-337. | ||
| 650 | 7 |
_aالحج _2aucsh |
|
| 650 | 7 |
_aالإسلام _zالهند _xتاريخ _2aucsh |
|
| 651 | 7 |
_aمكة المكرمة _xوصف ورحلات _2aucsh |
|
| 700 | 1 |
_aأحمد، بدر الدين يوسف محمد _eمعرب. |
|
| 700 | 1 |
_aمرزا، معراج نواب أحمد، _d1370 هجري- _eمعرب. |
|
| 700 | 1 | 2 |
_iترجمة لـ : _aبيرسون، مايكل ن. _q(مايكل نايلور)، _d1941-. _tThe Indian experience, 1500-1800 : pilgrimage to Mecca. |
| 942 |
_2ddc _cBOOK _n0 |
||
| 949 |
_aSA-JeALM _d250627 _umohamedma123 _n1 |
||
| 999 |
_c9291 _d9291 |
||